Lintuharrastaja kuvasta 1 - Statistics

Yleistilastot
  • Tätä visaa on pelattu 104 kertaa
  • Keskiarvotulos 13 / 20
Vastaustilastot
Kuvavisa Vastaus % Oikein
Pirkka-Pekka Petelius
97%
Aatu Vattulainen
82%
Aleksi Lehikoinen
82%
Lasse J. Laine
82%
Dick Forsman
77%
Sebastian Andrejeff
76%
Aleksanteri Pikkarainen
74%
Pentti Linkola
74%
Vilppu Välimäki
74%
Markus Varesvuo
72%
Jan Södersved
68%
Annika Forsten
63%
Hannu Velmala
60%
Petri Kuhno
57%
Karoliina Hämäläinen
55%
Juho Tirkkonen
50%
Jonne von Hertzen
41%
Arto Juvonen
38%
Timo K. Palomäki
21%
Johan Axel Palmén
20%
Ehtoja vastaavia visoja ei löytynyt
Tulosjakauma
Jokaisen tuloksen saaneiden osuus
Persentiili vastausten määrän mukaan
Tuloshistoriasi
Et ole pelannut tätä visaa